000 03265cam a2200385Ka 4500
001 ocn664388361
003 OCoLC
005 20210303085432.0
006 m d
007 cr un|||||||||
008 100917s2000 ne ob 000 0 eng d
020 _a9781849500463 (electronic bk.) :
_c£64.95 ; € 94.95 ; $114.95
020 _a1849500460 (electronic bk.) :
_c£64.95 ; € 94.95 ; $114.95
020 _z0762306394 (hbk.)
020 _z9780762306398 (hbk.)
040 _aZJC
_beng
_cZJC
_dZJC
050 1 4 _aHM1
_b.S84 v. 23
072 7 _aJMH
_2bicssc
072 7 _aSOC026000
_2bisacsh
080 _a316.7
082 0 4 _a302.072
_221
245 0 0 _aStudies in symbolic interaction.
_nVol. 23
_h[electronic resource] /
_cedited by Norman K. Denzin.
260 _aAmsterdam, Netherlands :
_bJAI,
_c2000.
300 _a1 online resource (xiii, 293 p.)
504 _aIncludes bibliographical references.
505 0 _aStanley L. Saxton Tribute (Special Partial Issue). He made us lonesome when he went: in memory of a true pragmatist / M.A. Katovich -- Renewing the promise of pragmatism: towards a sociology of difference / F.G. Pestello, S.L. Saxton -- Spots on a gnat's ass, good soldiers, and sociology departments: Stan Saxton's pragmatist approach to sociology / D.E. Miller, et al. -- Urban inequality and the possibilities of church-based intervention / D.R. Maines, M.J. McCallion -- How relevant is the concept of the 'biologic individual' to sociology? / P. Tibbetts -- Reflections: Stan Saxton and the small town community / P.F. Palermo -- Theoretical Interventions. Attitudes and platitudes: postmodernism and interactionist thought / D.R. Dickens -- Castrato: predetermined to fluid self, or, a dialogue/performance script intended to inform Garfinkel about the possibilities of gendering / A. Fontana, R. Schmidt -- Communication, the Media, and Community. 'Have a nice day!': phatic communion and everyday life / B.N. Meltzer, G.R. Musolf -- From radio to television: space, sound, and motion / C.W. Kaha -- Managing disruptions and maintaining humor on late night talk / M.A. Katovich, R. Burns -- Race, Deviance, and the Body. Racism in the Ivory City: the natural history of a research project / J.E. Nash -- Critique of concordance in the commercial blood industry / L. Anderson -- Get-tough legislation as represented action: the case of caning, paddling, and flogging / P.W. Davis -- Self, Identity and Narrative. Stigma and place: space, community, and the politics of reputation / K.E. Hayden -- The eating disorder is not you : applying Bakhtin's theories in analyzing narrative co-construction in an internet support group / M.K. Walstrom -- Widowhood: reconstruction of self-concept and identities / H.Z. Lopata -- Cultural maintenance and narratives of resistance in educational reform / D.L. Altheide, D.A. Spencer.
588 _aDescription based on print version record.
650 0 _aSymbolic interactionism.
650 7 _aSocial, group or collective psychology.
_2bicssc
650 7 _aSocial Science
_xSociology
_xGeneral.
_2bisacsh
700 1 _aDenzin, Norman K.
776 1 _z9780762306398
856 4 0 _uhttps://www.emerald.com/insight/publication/doi/10.1016/S0163-2396(2000)23
913 _1SSbacklist
999 _c32188
_d32188